000 00400nam a2200157Ia 4500
008 230516s2016 xx 000 0 und d
041 _aeng
082 _a615.321
_bSAL/MAG
100 _aSALUNKHE, MAGDUM
245 _aPRACTUCAL APPROCH IN QUALITY ASSURANCE IN PHARMACEUTICALS
260 _bCAREER PUBLICATIONS
_c2016
300 _a238
365 _h10
520 _aPH
650 _aPHARMACEUTICS
999 _c384089
_d384089